000 00761nam a2200217 i 4500
001 78047
003 ES-MaACL
005 20250716062526.0
007 t|
008 041011s1947 ag ||||1| spa d
080 _a821.111 Shakespeare, William 1.07
080 _a929 Shakespeare, William
100 0 _aHarris, Frank,
_d1855-1931
_961912
245 1 3 _aEl hombre Shakespeare y su vida trágica /
_cFrank Harris ; [traducción directa de Luis Echávarri].
260 _aBuenos Aires :
_bLosada,
_c[1947] (
_fBartolomé U. Chiesino)
300 _a458 p., 7 lám. ;
_c23 cm +
_e2 fasc.
600 1 4 _aShakespeare, William,
_d1564-1616
_9105992
700 1 _aEchávarri, Luis.
_946507
852 _aES-MaACL
_jC-4747
_bR.25142
999 _c78047
_d78047